Моделирование синтеза органических соединений из оксида углерода и водорода; Химия и химическая технология в XXI веке

מידע ביבליוגרפי
Parent link:Химия и химическая технология в XXI веке.— 2016.— [С. 363-364]
מחבר ראשי: Максимова А. В.
מחבר תאגידי: Национальный исследовательский Томский политехнический университет (ТПУ) Институт природных ресурсов (ИПР) Кафедра химической технологии топлива и химической кибернетики (ХТТ)
מחברים אחרים: Зайцев Д. В. Дмитрий Валерьевич (научный руководитель), Ушева Н. В. Наталья Викторовна
סיכום:Заглавие с экрана
שפה:רוסית
יצא לאור: 2016
סדרה:Технология и моделирование процессов подготовки и переработки углеводородного сырья
נושאים:
גישה מקוונת:http://earchive.tpu.ru/handle/11683/30696
פורמט: אלקטרוני Book Chapter
KOHA link:https://koha.lib.tpu.ru/cgi-bin/koha/opac-detail.pl?biblionumber=618850

MARC

LEADER 00000naa2a2200000 4500
001 618850
005 20231101133031.0
035 |a (RuTPU)RU\TPU\conf\17242 
035 |a RU\TPU\conf\17241 
090 |a 618850 
100 |a 20160618d2016 k y0rusy50 ca 
101 0 |a rus 
102 |a RU 
105 |a y z 101zy 
135 |a drcn ---uucaa 
181 0 |a i  
182 0 |a b 
200 1 |a Моделирование синтеза органических соединений из оксида углерода и водорода  |f А. В. Максимова, Д. В. Зайцев  |g науч. рук. Н. В. Ушева 
203 |a Текст  |c электронный 
225 1 |a Технология и моделирование процессов подготовки и переработки углеводородного сырья 
230 |a 1 компьютерный файл (pdf; 616 Kb) 
300 |a Заглавие с экрана 
320 |a [Библиогр.: с. 364 (2 назв.)] 
463 0 |0 (RuTPU)RU\TPU\conf\17060  |t Химия и химическая технология в XXI веке  |o материалы XVII Международной научно-практической конференции студентов и молодых ученых имени профессора Л.П. Кулёва, посвященной 120-летию Томского политехнического университета, 17–20 мая 2016 г., г. Томск  |f Национальный исследовательский Томский политехнический университет (ТПУ) ; Институт природных ресурсов (ИПР) ; Институт физики высоких технологий (ИФВТ) ; Физико-технический институт (ФТИ) ; Сибур-Холдинг  |v [С. 363-364]  |d 2016 
610 1 |a труды учёных ТПУ 
610 1 |a электронный ресурс 
610 1 |a альтернативные источники 
610 1 |a углеводород 
610 1 |a нефтехимическая промышленность 
610 1 |a топливная промышленность 
610 1 |a оксид углерода 
700 1 |a Максимова  |b А. В. 
701 1 |a Зайцев  |b Д. В.  |c физик  |c научный сотрудник Томского политехнического университета, кандидат физико-математических наук  |g Дмитрий Валерьевич  |2 stltpush  |3 (RuTPU)RU\TPU\pers\36016 
702 1 |a Ушева  |b Н. В.  |c химик-технолог  |c доцент Томского политехнического университета, кандидат химических наук  |f 1948-  |g Наталья Викторовна  |2 stltpush  |4 727 
712 0 2 |a Национальный исследовательский Томский политехнический университет (ТПУ)  |b Институт природных ресурсов (ИПР)  |b Кафедра химической технологии топлива и химической кибернетики (ХТТ)  |h 105  |2 stltpush  |3 (RuTPU)RU\TPU\col\18665 
801 2 |a RU  |b 63413507  |c 20160705  |g RCR 
856 4 |u http://earchive.tpu.ru/handle/11683/30696 
942 |c BK